| 000 | 00430nam a2200169Ia 4500 | ||
|---|---|---|---|
| 005 | 20250616005445.0 | ||
| 008 | 240331s9999 xx 000 0 und d | ||
| 020 | _a9559514717 | ||
| 082 |
_bWIJ _a305 |
||
| 100 | _aWijeyasuriya, S | ||
| 245 | 0 | _aJathika ananyathawa hasanskruthiya | |
| 260 |
_aPannipitya _bTilak Printers ( Pvt) Ltd _c1993 |
||
| 300 | _a90 p ., | ||
| 650 | _aNational Identity | ||
| 650 | _aCulture | ||
| 942 | _cL | ||
| 999 |
_c2061 _d2061 |
||